Taylor Swift - epiphany Lyrics - Statistics

General Stats
  • This quiz has been taken 128 times
  • The average score is 139 of 170
Answer Stats
Answer % Correct
I
100%
epiphany
98%
a
97%
of
97%
you
97%
some
95%
think
92%
out"
91%
out
91%
your
91%
dream
89%
he's
89%
Just
89%
just
89%
she's
89%
to
89%
To
89%
crashing
88%
"Doc
88%
in
88%
And
86%
bleeding
86%
But
86%
can't
86%
about
84%
things
84%
Keep
83%
keep
83%
"Sir
83%
what
83%
speak
81%
sleep
80%
daughter
78%
down
78%
minutes
78%
twenty
78%
Someone's
77%
someone's
77%
With
77%
with
77%
fall
75%
mother
75%
now
75%
one
75%
Only
75%
son
75%
helmet
73%
relief
73%
single
73%
Watch
73%
watch
73%
breathe
72%
breathing
72%
not
72%
sense
72%
you've
72%
life
70%
seen
70%
glimpse
69%
make
69%
serve
69%
the
69%
did
67%
school
63%
hand
61%
plastic
61%
Something
61%
through
61%
cover
59%
med
59%
wound
58%
flesh
56%
here's
56%
rifle
53%
up
53%
beaches
50%
Crawling
50%
Holds
45%
No matching quizzes found
Score Distribution
Percent of People with Each Score
Percentile by Number Answered
Your Score History
You have not taken this quiz